| 000 | | | 05049cbm0a2200301#x 450 |
| 001 | | | 2330bfa2-aac8-47d9-9810-6f78ff35d59e |
| 005 | | | 20240111095716.0 |
| 100 | ## | $a | 20240110j19431104k###0rusy50 ca |
| 101 | 0# | $a | rus |
| 102 | ## | $a | RU |
| 122 | 0# | $a | d19431104## |
| 200 | 1# | $a | Докладная записка наркома внутренних дел СССР Л. П. Берии И. В. Сталину о поездке на Северо-Западный фронт президента "Союза немецких офицеров" генерала В. фон Зейдлица и вице-президента "Союза" полковника ван Гоовена |
| | $j | 4 ноября 1943 г. |
| 251 | ## | $c | Документ |
| 300 | ## | $a | Подлинник |
| 461 | #0 | $1 | 2001 |
| | $a | Ф. 3 |
| | $1 | 251 |
| | $c | Фонд |
| | $1 | 852 |
| | $j | 3 |
| 462 | #0 | $1 | 2001 |
| | $a | Оп. 58 |
| | $1 | 251 |
| | $c | Опись |
| | $1 | 852 |
| | $j | 58 |
| 462 | #0 | $1 | 2001 |
| | $a | Д. 498 |
| | $v | Л. 1-2 |
| | $1 | 251 |
| | $c | Дело |
| | $1 | 852 |
| | $j | 498 |
| 600 | #1 | $2 | prlib_sh |
| | $3 | LIBNET\UAF\0000092090 |
| | $a | Берия |
| | $b | Л.П. |
| | $g | Лаврентий Павлович |
| | $f | 1899-1953 |
| | $x | Автографы |
| | $j | Документы и материалы |
| 600 | #1 | $2 | prlib_sh |
| | $3 | LIBNET\UAF\0000061238 |
| | $a | Зейдлиц-Курцбах |
| | $b | В. фон |
| | $g | Вальтер фон |
| | $f | 1888 - 1976 |
| | $j | Документы и материалы |
| 600 | #1 | $2 | prlib_sh |
| | $3 | LIBNET\UAF\0000110297 |
| | $a | Офен |
| | $b | К. фон |
| | $g | Карл фон |
| | $f | 1888 — 1974 |
| | $j | Документы и материалы |
| 601 | 12 | $2 | prlib_sh |
| | $3 | LIBNET\UAF\0000110296 |
| | $a | Северо-Западный фронт |
| | $c | 1941, июнь - 1943, ноябрь |
| 605 | ## | $2 | prlib_sh |
| | $3 | LIBNET\UAF\0000088514 |
| | $a | Вторая мировая война в архивных документах (Комплекс оцифрованных архивных документов, кино- и фотоматериалов) |
| | $l | коллекция |
| 686 | ## | $a | 63.3(2)622,12ю1 |
| | $v | LBC/M |
| | $2 | rubbk |
| 801 | #0 | $a | RU |
| | $b | ПБ им. Б.Н. Ельцина |
| | $c | 20240110 |
| 801 | #1 | $a | RU |
| | $b | ПБ им. Б.Н. Ельцина |
| | $c | 20240110 |
| | $2 | rusmarc |
| 801 | #2 | $a | RU |
| | $b | ПБ им. Б.Н. Ельцина |
| | $c | 20240111 |
| | $2 | rusmarc |
| 850 | ## | $a | Российский государственный архив новейшей истории |
| 852 | ## | $a | РГАНИ |
| | $j | Л. 1-2 |
| 035 | ## | $a | LIBNET\0001372789 |
| 937 | ## | $d | 190306774 |
| | $h | Федеральное архивное агентство |
| 856 | 4# | $u | http://readingroom.main.prlib.ru/item.aspx?id_node=n190306774&mode=full |